000 00633nam a22002177a 4500
005 20260515115024.0
008 240813b |||||||| |||| 00| 0 eng d
040 _aIN-DiNC
_cIN-DiNC
041 _deng
082 _a030
_bGUI
245 _aGuide for department of forest recruitment examination/
_ccompiled by Pachan Ali Ahmed and Jonali Goswami
260 _aGuwahati:
_bML publication,
_cna.
300 _a256p.
650 _aGeneral english
650 _aArithmetic
650 _aGeneral Knowledge
650 _aMathematics
700 _aAhmed, Pachan Ali
_eEditor
700 _aGoswami, Jonali
_eEditor
942 _2ddc
_cBK
999 _c11845
_d11845